Business plan development for a new company : ανάπτυξη επιχειρηματικού σχεδίου - η περίπτωση μιας τεχνικής εταιρείας : διπλωματική εργασία
Αποθηκεύτηκε σε:
| Κύριος συγγραφέας: | |
|---|---|
| Συγγραφή απο Οργανισμό/Αρχή: | |
| Άλλοι συγγραφείς: | |
| Μορφή: | Thesis Βιβλίο |
| Γλώσσα: | Greek |
| Δημοσίευση: |
2012
|
| Θέματα: | |
| Διαθέσιμο Online: | http://hdl.handle.net/11610/14747 |
| Ετικέτες: |
Προσθήκη ετικέτας
Δεν υπάρχουν, Καταχωρήστε ετικέτα πρώτοι!
|
MARC
| LEADER | 00000cam a2200000 i 4500 | ||
|---|---|---|---|
| 001 | 1/39673 | ||
| 008 | 131220s2012 gre d | ||
| 035 | |l 10116246 | ||
| 040 | |a GR-MY-UA |b gre |e aacr | ||
| 041 | 0 | |a gre | |
| 082 | 0 | |a 658.4012 |2 (22) | |
| 100 | 1 | |a Χιντερίδου, Δέσποινα. | |
| 245 | 1 | 0 | |a Business plan development for a new company : |b ανάπτυξη επιχειρηματικού σχεδίου - η περίπτωση μιας τεχνικής εταιρείας : διπλωματική εργασία / |c Χιντερίδου Δέσποινα ; επιβλέπουσα: Δεληγιάννη Ιωάννα |
| 260 | |c 2012 | ||
| 300 | |a 68 σ.; |b πίν., διαγρ.; |c 30 εκ. | ||
| 502 | # | # | |a Διατριβή (μεταπτυχιακή) – Πανεπιστήμιο Αιγαίου, Χίος, 2012. |
| 504 | |a Περιλαμβάνει βιβλιογραφία | ||
| 650 | 0 | 0 | |a Business logistics |x Management. |
| 650 | 0 | 0 | |a Strategic planning. |
| 650 | 0 | 0 | |a Dissertations, Academic |z Greece. |
| 700 | 1 | |a Δεληγιάννη, Ιωάννα. |4 ths | |
| 710 | 1 | |a Πανεπιστήμιο Αιγαίου |b Σχολή Επιστημών της Διοίκησης |b Τμήμα Μηχανικών Οικονομίας και Διοίκησης |b Μεταπτυχιακό Πρόγραμμα Σπουδών "Οικονομική & Διοίκηση για Μηχανικούς" - Ο.ΔΙ.Μ. | |
| 852 | |a INST |b CHIOS |c DIATR |e 20140109 |h 658.4012 ΧΙΝ |p 005200034308 |q 005200034308 |t MTXE |y 23 | ||
| 852 | |a INST |b CHIOS |c DIATR |e 20131220 |h 658.4012 ΧΙΝ |p 005200034309 |q 005200034309 |t MTXE |y 23 | ||
| 856 | |u http://hdl.handle.net/11610/14747 | ||
| 901 | |a BIBL2-2013-3 | ||
| 909 | |a Χ |b 175078 | ||
| 909 | |a Χ |b 175079 | ||
| 924 | |a ΧΙΝΤΕΡΙΔΟΥ |b ΔΕΣΠΟΙΝΑ |y ΧΙΟΣ |z 2012-06 | ||
| 970 | |a ΠΑΡΟΙΚΑΚΗ |b ΒΑΣΙΛΙΚΗ |z 2013/12/20 | ||